Clubs du Top 5 européen et leur 2ème division - Statistiques

Statistiques générales
  • Ce quiz a été pris 53 fois
  • Le résultat moyen est 102 sur 198
Statistiques - réponses
Championnat # Club % Correct
Premier League 25 Manchester City
100%
Premier League 26 Manchester United
97%
Premier League 26 Liverpool
94%
Premier League 26 Arsenal
92%
Premier League 26 Chelsea
92%
Ligue 1 26 Paris SG
92%
Serie A 26 AC Milan
89%
Serie A 26 Inter Milan
89%
Ligue 1 24 OGC Nice
89%
Ligue 1 26 Olympique de Marseille
89%
Ligue 1 26 Olympique Lyonnais
89%
Ligue 1 1 Paris FC
89%
Ligue 1 24 AS Monaco
86%
Premier League 23 Aston Villa
86%
Ligue 1 17 FC Lorient
86%
Ligue 1 21 FC Nantes
86%
Serie A 25 Juventus de Turin
86%
Ligue 1 26 Lille OSC
86%
Ligue 1 17 RC Lens
86%
Ligue 1 15 RC Strasbourg
86%
Ligue 1 26 Stade Rennais
86%
Premier League 26 Tottenham Hotspurs
86%
Ligue 1 22 Toulouse FC
86%
Ligue 1 15 AJ Auxerre
83%
Ligue 1 10 Angers SCO
83%
Ligue 1 14 FC Metz
83%
Ligue 1 10 Stade Brestois 29
83%
Serie A 26 AS Roma
81%
Ligue 2 6 AS Saint-Etienne
81%
LaLiga 26 FC Barcelone
81%
Bundesliga 26 FC Bayern Munich
81%
LaLiga 26 Real Madrid
81%
Ligue 2 11 Stade de Reims
81%
Premier League 23 West Ham United
81%
Bundesliga 26 Borussia Dortmund
78%
Premier League 9 Brighton
78%
LaLiga 25 FC Séville
78%
Serie A 26 Lazio Rome
78%
Serie A 20 SSC Naples
78%
Serie A 25 ACF Fiorentina
75%
LaLiga 24 Atletico Madrid
75%
Bundesliga 26 Bayer 04 Leverkusen
75%
Premier League 9 Bournemouth
75%
Premier League 14 Crystal Palace
75%
Ligue 1 5 Le Havre AC
75%
Championship 11 Leicester
75%
Ligue 2 7 Montpellier HSC
75%
Premier League 15 Sunderland
75%
Ligue 2 16 Amiens SC
72%
Serie A 23 Atalanta Bergame
72%
LaLiga 26 Athletic Club Bilbao
72%
LaLiga 22 Bétis Séville
72%
LaLiga 26 FC Valencia
72%
LaLiga 6 Girona FC
72%
Ligue 2 16 Grenoble Foot 34
72%
Premier League 24 Newcastle
72%
LaLiga 23 Real Sociedad
72%
LaLiga 2 6 Real Sociedad II
72%
Premier League 12 Wolverhampton
72%
Ligue 2 15 EA Guingamp
69%
Ligue 2 18 Stade Lavallois
69%
Ligue 2 20 Clermont Foot 63
67%
Bundesliga 22 Eintracht Francfort
67%
Ligue 2 15 ESTAC Troyes
67%
Premier League 26 Everton
67%
Ligue 2 4 FC Annecy
67%
Bundesliga 15 FC Augbsurg
67%
Serie A 18 Genoa CFC
67%
Bundesliga 19 Hambourg SV
67%
Ligue 2 5 Red Star
67%
Ligue 2 11 SC Bastia
67%
Ligue 2 5 USL Dunkerque
67%
Bundesliga 24 Borussia Mönchengladbach
64%
Premier League 5 Brentford FC
64%
Serie A 3 Como 1907
64%
Championship 7 Southampton
64%
Serie A 19 Torino FC
64%
Serie B 7 UC Sampdoria
64%
Bundesliga 26 VfL Wolfsburg
64%
Bundesliga 7 1. FC Union Berlin
61%
Ligue 2 14 AS Nancy Lorraine
61%
Premier League 10 Burnley
61%
LaLiga 24 Espanyol Barcelone
61%
Serie A 22 FC Bologne
61%
Premier League 19 Fulham
61%
Championship 15 Norwich City
61%
Premier League 4 Nottingham Forest
61%
Bundesliga 10 RB Leipzig
61%
Serie A 26 Udinese Calcio
61%
Serie A 12 US Sassuolo
61%
LaLiga 25 Villarreal CF
61%
Bundesliga 18 1. FC Cologne
58%
Bundesliga 20 1. FSV Mayence 05
58%
Championship 16 Birmingham
58%
2. Bundesliga 4 FC Schalke 04
58%
Serie A 19 Parme Calcio 1913
58%
Bundesliga 24 VfB Stuttgart
58%
Bundesliga 25 Werder Breme
58%
LaLiga 21 FC Getafe
56%
Serie B 10 Palermo FC
56%
Ligue 2 6 Pau FC
56%
LaLiga 19 RCD Majorque
56%
Bundesliga 20 SC Fribourg
56%
Serie A 20 Cagliari Calcio
53%
Serie A 13 Hellas Verone
53%
2. Bundesliga 5 Hertha Berlin SC
53%
Premier League 8 Leeds United
53%
LaLiga 22 CA Osasuna
50%
LaLiga 20 Celta Vigo
50%
Ligue 2 9 Le Mans FC
50%
LaLiga 14 Rayo Vallecano
50%
Ligue 2 7 Rodez AF
50%
Ligue 2 5 US Boulogne
50%
Serie B 11 Venezia FC
50%
LaLiga 2 9 Deportivo La Corogne
47%
LaLiga 2 10 Malaga CF
47%
Championship 11 Swansea
47%
Serie A 13 US Lecce
47%
Championship 15 Coventry
44%
2. Bundesliga 10 Hanovre 96
44%
Championship 18 Ipswich Town
44%
LaLiga 2 Real Oviedo
44%
Championship 13 Sheffield United
44%
Championship 13 Stoke City
44%
Bundesliga 18 TSG 1899 Hoffenheim
44%
LaLiga 15 UD Levante
44%
Serie B 4 AC Monza
42%
Bundesliga 4 FC St. Pauli
42%
Championship 15 Hull City
42%
LaLiga 2 12 Real Valladolid
42%
Serie B 19 SSC Bari
42%
LaLiga 2 18 UD Las Palmas
42%
LaLiga 13 Deportivo Alavès
39%
Championship 4 Portsmouth
39%
Championship 19 Queens Park Rangers
39%
Championship 11 West Bromwich Albion
39%
2. Bundesliga 14 1.FC Nuremberg
36%
Championship 17 Bristol City
36%
2. Bundesliga 14 Fortuna Düsseldorf
36%
Serie A 1 Pisa Sporting Club
36%
Championship 17 Sheffield Wednesday
36%
LaLiga 2 7 FC Grenade
33%
Championship 16 Middlesbrough
33%
Championship 17 Millwall
33%
Bundesliga 3 1. FC Heidenheim 1846
31%
2. Bundesliga 14 1.FC Kaiserslautern
31%
Championship 8 Charlton Athletic
31%
LaLiga 6 Elche CF
31%
LaLiga 2 17 UD Almeria
31%
2. Bundesliga 14 VfL Bochum
31%
Championship 1 Wrexham
31%
2. Bundesliga 20 Karlsruhe SC
28%
Serie A 2 US Cremonese
28%
Championship 16 Watford
28%
LaLiga 2 24 Albacete Balompié
25%
Championship 13 Blackburn
25%
Serie B 14 Frosinone Calcio
25%
2. Bundesliga 8 Holstein Kiel
25%
LaLiga 2 13 Racing Santander
25%
LaLiga 2 20 Sporting Gijon
25%
Serie B 15 Delfino Pescara 1936
22%
2. Bundesliga 5 1.FC Magdeburg
19%
Championship 19 Derby County
19%
LaLiga 2 20 FC Cordoba
19%
Serie B 13 FC Empoli
19%
LaLiga 2 19 SD Eibar
19%
2. Bundesliga 9 SV Darmstadt 98
19%
2. Bundesliga 13 Arminia Bielefeld
17%
LaLiga 2 19 Cadiz CF
17%
Championship 2 Oxford United
17%
Championship 19 Preston North End
17%
LaLiga 2 17 SD Huesca
17%
2. Bundesliga 11 SG Dynamo Dresden
17%
2. Bundesliga 24 SpVgg Greuther Fürth
17%
LaLiga 2 15 CD Leganes
14%
2. Bundesliga 14 Eintracht Braunschweig
14%
LaLiga 2 5 FC Andore
14%
2. Bundesliga 2 Preußen Münster
14%
Serie B 6 SS Juve Stabia
14%
Serie B 5 Catanzaro
11%
LaLiga 2 15 Real Zaragoza
11%
Serie B 4 Reggiana
11%
Serie B 13 Spezia Calcio
11%
2. Bundesliga 3 SV 07 Elversberg
11%
LaLiga 2 11 Burgos CF
8%
Serie B 7 Calcio Padova
8%
Serie B 2 Carrarese Calcio 1908
8%
Serie B 12 Cesena FC
8%
Serie B 17 Modena FC
8%
2. Bundesliga 16 SC Paderborn 07
8%
LaLiga 2 5 AD Ceuta FC
6%
LaLiga 2 14 CD Castellon
6%
LaLiga 2 9 Cultural Leonesa
6%
Serie B 7 Mantova 1911
6%
LaLiga 2 17 Mirandes
6%
Serie B 7 Virtus Entella
6%
Serie B 10 US Avelino 1912
3%
Serie B 4 Sudtirol
0%
Aucun quiz correspondant
Distribution des résultats
% des personnes avec chaque résultat
Percentile par nombre de réponses
Votre historique - résultats
Vous n’avez pas pris ce quiz